Machinery for redressal of citizens' grievances in India (Record no. 78935)

000 -LEADER
fixed length control field 00485pab a2200181 454500
008 - FIXED-LENGTH DATA ELEMENTS--GENERAL INFORMATION
fixed length control field 180718b2007 xxu||||| |||| 00| 0 eng d
100 ## - MAIN ENTRY--PERSONAL NAME
Personal name Singh, Ravindra
245 ## - TITLE STATEMENT
Title Machinery for redressal of citizens' grievances in India
260 ## - PUBLICATION, DISTRIBUTION, ETC.
Date of publication, distribution, etc. 2007
300 ## - PHYSICAL DESCRIPTION
Extent p.72-88.
362 ## - DATES OF PUBLICATION AND/OR SEQUENTIAL DESIGNATION
Dates of publication and/or sequential designation Jan-Jun
650 ## - SUBJECT ADDED ENTRY--TOPICAL TERM
Topical term or geographic name entry element Ombudsman - India
650 ## - SUBJECT ADDED ENTRY--TOPICAL TERM
Topical term or geographic name entry element Ombudsman
700 ## - ADDED ENTRY--PERSONAL NAME
Personal name Dahiya, Sewa Singh
773 ## - HOST ITEM ENTRY
Main entry heading Journal of Constitutional and Parliamentary Studies
908 ## - PUT COMMAND PARAMETER (RLIN)
Put command parameter N
909 ## -
-- 78935
Holdings
Withdrawn status Lost status Damaged status Not for loan Permanent Location Current Location Date acquired Serial Enumeration / chronology Barcode Date last seen Price effective from Koha item type
        Indian Institute of Public Administration Indian Institute of Public Administration 2018-07-19 Volume no: 41, Issue no: 1-2 AR79395 2018-07-19 2018-07-19 Articles

Powered by Koha